000 00616cam a2200205u 4500
001 6079298
003 OSt
005 20220918175935.0
008 830302s1957 maua 000 0 eng
010 _a 59028518
040 _aDLC
_cCarP
_dDLC
050 0 0 _aBX2385
_b.A6
100 1 _aAlberione Giacomo Giuseppe,
_d1884- [from old catalog]
_9228
245 1 0 _aReligious life: life of courageous souls
260 _a[Boston?]
_bSt. Paul Editions
_c[c1957]
300 _a107 p.
_billus.
_c22 cm.
650 0 _aMonastic and religious life.
_949
906 _a0
_bcbc
_cpremunv
_du
_encip
_f19
_gy-gencatlg
942 _2ddc
_cBK
999 _c37482
_d37482